Blood, faith and iron : a dynasty of Catholic industrialists in sixteenth- and seventeenth-century England /
An iconic industrial landscape, presented as the birthplace of the Industrial Revolution and so part of a national narrative of heroic Protestant individualism. However this is not the full story. In fact this industrial landscape was created by an entrepreneurial Catholic dynasty over 200 years bef...
المؤلف الرئيسي:
التنسيق: كتاب الكتروني
اللغة: English
منشور في:
Summertown, Oxford :
Archaeopress Publishing Ltd,
2018.
سلاسل:
Archaeopress archaeology.
الموضوعات:
الوصول للمادة أونلاين: Login to view Source
الوسوم: إضافة وسم
رقم الطلب: DA690
| LEADER | 02155nam a2200445 i 4500 | ||
|---|---|---|---|
| 001 | EDZ0002019931 | ||
| 003 | StDuBDS | ||
| 005 | 20230412182410.0 | ||
| 006 | m|||||o||d|||||||| | ||
| 007 | cr ||||||||||| | ||
| 008 | 181115s2018 enka fob 000|0|eng|d | ||
| 020 | |a 9781789690699 (ebook) : |c No price | ||
| 040 | |a StDuBDS |b eng |c StDuBDS |e rda |e pn | ||
| 050 | 4 | |a DA690 | |
| 082 | 0 | 4 | |a 942.456 |2 23 |
| 100 | 1 | |a Belford, Paul, |e author. | |
| 245 | 1 | 0 | |a Blood, faith and iron : |b a dynasty of Catholic industrialists in sixteenth- and seventeenth-century England / |c Paul Belford. |
| 264 | 1 | |a Summertown, Oxford : |b Archaeopress Publishing Ltd, |c 2018. | |
| 300 | |a 1 online resource (viii, 226 pages) : |b illustrations (black and white). | ||
| 336 | |a text |2 rdacontent | ||
| 336 | |a still image |2 rdacontent | ||
| 337 | |a computer |2 rdamedia | ||
| 338 | |a online resource |2 rdacarrier | ||
| 490 | 1 | |a Archaeopress archaeology | |
| 500 | |a Previously issued in print: 2018. | ||
| 504 | |a Includes bibliographical references. | ||
| 520 | 8 | |a An iconic industrial landscape, presented as the birthplace of the Industrial Revolution and so part of a national narrative of heroic Protestant individualism. However this is not the full story. In fact this industrial landscape was created by an entrepreneurial Catholic dynasty over 200 years before the Iron Bridge was built. | |
| 521 | |a Specialized. | ||
| 588 | |a Description based on online resource; title from home page (viewed on February 27, 2019). | ||
| 600 | 3 | 0 | |a Brooks family. |
| 651 | 0 | |a Ironbridge (England) |x History |y 16th century. | |
| 651 | 0 | |a Ironbridge (England) |x History |y 17th century. | |
| 650 | 0 | |a Industrial revolution |z England |z Ironbridge |x History |y 16th century. | |
| 650 | 0 | |a Industrial revolution |z England |z Ironbridge |x History |y 17th century. | |
| 776 | 0 | 8 | |i Print version : |z 9781789690682 |
| 830 | 0 | |a Archaeopress archaeology. | |
| 856 | 4 | 0 | |3 Archaeopress |u http://library.arce.org:8087/Archaeopress/Products/9781789690682 |
| 942 | |2 lcc |c EBOOK | ||
| 952 | |0 0 |1 0 |4 0 |6 DA0690 |7 1 |9 46485 |a ARCH |b ARCH |d 2023-04-12 |l 0 |o DA690 |r 2023-04-12 00:00:00 |w 2023-04-12 |y EBOOK | ||
| 999 | |c 52143 |d 52143 | ||
